[Event "Reykjavik Open"]
[Site "Reykjavik ISL"]
[Date "2012.03.08"]
[Round "3.59"]
[White "Mozelius, Peter"]
[Black "Bergsson, Stefan"]
[Result "0-1"]
[WhiteElo "1882"]
[BlackElo "2171"]
[WhiteFideId "1709704"]
[BlackFideId "2301393"]
[EventDate "2012.03.06"]

1. Nf3 f5 2. d4 Nf6 3. Nc3 c6 4. Bg5 Qa5 5. Bxf6 exf6 6. a3 d5 7. Qd2 Bd6 8. Ne4
Qxd2+ 9. Nexd2 f4 10. Nb3 Bf5 11. O-O-O Nd7 12. g3 a5 13. Nh4 Be6 14. gxf4 Bxf4+
15. e3 Bd6 16. Bd3 g6 17. h3 a4 18. Nd2 O-O-O 19. c3 Kb8 20. Nhf3 Rhe8 21. h4
Bg4 22. Rdg1 Bh5 23. Kc2 b5 24. Kb1 Nb6 25. Kc1 Re7 26. Bc2 Rde8 27. Bd3 Nd7 28.
Bc2 f5 29. Ng5 Bc7 30. Bd1 Bxd1 31. Kxd1 Nf6 32. Rg2 Ng4 33. Kc1 Kb7 34. Ngf3
Nf6 35. Ng5 f4 36. Nf1 Kb6 37. Nf3 Rf8 38. N3d2 Bd6 39. Kd1 c5 40. Kc2 cxd4 41.
exd4 Re2 42. Kb1 Ne4 43. Nf3 Rc8 44. h5 Rxc3 45. N3d2 Nxd2+ 46. Nxd2 Rd3 47.
hxg6 Rdxd2 48. g7 Rxb2+ 49. Kc1 Bxa3 0-1

[Event "Reykjavik Open"]
[Site "Reykjavik ISL"]
[Date "2012.03.08"]
[Round "3.61"]
[White "Van Heirzeele, Daniel"]
[Black "Ingason, Sigurdur"]
[Result "1/2-1/2"]
[WhiteElo "2161"]
[BlackElo "1878"]
[WhiteFideId "200425"]
[BlackFideId "2301709"]
[EventDate "2012.03.06"]

1. d4 e6 2. g3 f5 3. Bg2 Nf6 4. Nf3 Be7 5. O-O O-O 6. c4 d6 7. Nc3 Ne4 8. Nxe4
fxe4 9. Nd2 d5 10. f3 c5 11. fxe4 Rxf1+ 12. Nxf1 dxc4 13. d5 Bf6 14. Qc2 c3 15.
bxc3 Na6 16. Rb1 Nc7 17. Bf4 e5 18. Be3 b6 19. Nd2 Ba6 20. Nf3 Ne8 21. Bh3 Bc8
22. Bxc8 Rxc8 23. c4 Nd6 24. Kg2 Qe8 25. Rb3 Qg6 26. Nd2 Qh5 27. Nb1 1/2-1/2

[Event "Reykjavik Open"]
[Site "Reykjavik ISL"]
[Date "2012.03.08"]
[Round "3.62"]
[White "Vrban, Damir"]
[Black "Ledent, Philippe"]
[Result "0-1"]
[WhiteElo "2152"]
[BlackElo "1876"]
[WhiteFideId "14508630"]
[BlackFideId "218227"]
[EventDate "2012.03.06"]

1. e4 c6 2. d4 d5 3. f3 e6 4. Qd3 b6 5. Qe3 Ba6 6. Ne2 Ne7 7. Nbc3 Nd7 8. Bd2
Nf6 9. O-O-O Rc8 10. Nf4 Bxf1 11. Rhxf1 Ng6 12. e5 Nd7 13. Nd3 Be7 14. f4 c5 15.
f5 cxd4 16. Qxd4 Rc4 17. Qf2 Ngxe5 18. fxe6 fxe6 19. Rde1 Rf8 20. Qe2 Rxf1 21.
Rxf1 Bf6 22. Nxe5 Nxe5 23. Qh5+ Ke7 24. Qxh7 Rh4 0-1

[Event "Reykjavik Open"]
[Site "Reykjavik ISL"]
[Date "2012.03.08"]
[Round "3.63"]
[White "Olafsson, Thorvardur"]
[Black "Traustason, Ingi Tandri"]
[Result "1-0"]
[WhiteElo "2147"]
[BlackElo "1824"]
[WhiteFideId "2301148"]
[BlackFideId "2302934"]
[EventDate "2012.03.06"]

1. e4 c5 2. Nf3 d6 3. d4 cxd4 4. Nxd4 Nf6 5. Nc3 a6 6. Be3 e5 7. Nf3 Be7 8. Bc4
Nc6 9. Nd5 Nxd5 10. Bxd5 O-O 11. c3 Kh8 12. Qb3 Na5 13. Qb6 Qxb6 14. Bxb6 Nc6
15. O-O-O Bg4 16. Rd3 Rac8 17. Kb1 f5 18. Nd2 fxe4 19. Nxe4 Bf5 20. f3 Rf6 21.
Rhd1 h6 22. Nxf6 Bxd3+ 23. Rxd3 gxf6 24. Be6 Re8 25. Bh3 Bd8 26. Be3 Bc7 27.
Bxh6 Kh7 28. Be3 Kg6 29. Bd7 Rh8 30. Bg1 Ne7 31. g4 Kf7 32. Ba4 Ng6 33. Bb3+ Ke7
34. Rd2 Nf4 35. Bc2 Rh3 36. Bd1 Ne6 37. Rg2 Nf4 38. Rd2 Kf7 39. Be3 Ng6 40. Bg1
Ke7 41. c4 Nf4 42. c5 d5 43. Be3 e4 44. Bxf4 Bxf4 45. Rxd5 exf3 46. Rf5 Be5 47.
Rxf3 Rxf3 48. Bxf3 Bxh2 49. Bxb7 a5 50. a3 Bg1 51. b4 axb4 52. axb4 Kd7 53. Kc2
Ke6 54. Kd3 Kd7 55. Kc4 Kc7 56. Be4 Be3 57. b5 Kd7 58. Bd5 Bf2 59. b6 Be3 60.
Kb5 Bd4 61. c6+ 1-0

[Event "Reykjavik Open"]
[Site "Reykjavik ISL"]
[Date "2012.03.08"]
[Round "3.64"]
[White "Jonsson, Olafur Gisli"]
[Black "Ingvason, Johann"]
[Result "0-1"]
[WhiteElo "1877"]
[BlackElo "2132"]
[WhiteFideId "2302705"]
[BlackFideId "2301431"]
[EventDate "2012.03.06"]

1. e4 e6 2. d4 d5 3. Nc3 dxe4 4. Nxe4 Be7 5. Nf3 Nd7 6. Bd3 Ngf6 7. O-O O-O 8.
Bg5 Nxe4 9. Bxe7 Nxf2 10. Bxd8 Nxd1 11. Bxc7 Nxb2 12. Bd6 Rd8 13. Bc7 Re8 14.
Bb5 a6 15. Bxd7 Bxd7 16. Ne5 Bb5 17. Rxf7 Nc4 18. Nxc4 Bxc4 19. Rf2 Rac8 20. Be5
Rf8 21. Rb1 Rxf2 22. Kxf2 Bd5 23. Rb2 Rc4 24. g3 g5 25. Ke3 Rc3+ 26. Ke2 g4 27.
Bd6 b5 28. Kd2 Rf3 29. c3 Bxa2 30. Bb4 Kf7 31. Ke1 Bd5 32. Rf2 Kg6 33. Rxf3 gxf3
34. Kf2 Kf5 35. h3 Ke4 36. Ba5 Kd3 37. Bb4 Be4 38. Ba5 h5 39. Bb4 Bc6 40. Ba5
Ke4 41. Bb4 Be8 42. Ba5 Bg6 43. Bb4 Bf5 44. Ba5 Kd3 45. h4 Bg4 46. Bb4 Kc4 47.
Ba5 Kb3 48. Bb4 Ka4 49. Bd6 a5 50. Bf4 Kb3 51. Bd2 a4 0-1

[Event "Reykjavik Open"]
[Site "Reykjavik ISL"]
[Date "2012.03.08"]
[Round "3.65"]
[White "Thorsteinsson, Erlingur"]
[Black "Johannesson, Oliver"]
[Result "1-0"]
[WhiteElo "2129"]
[BlackElo "1677"]
[WhiteFideId "2301091"]
[BlackFideId "2305623"]
[EventDate "2012.03.06"]

1. a3 e5 2. b4 Nf6 3. Bb2 d6 4. g3 g6 5. Bg2 Bg7 6. e3 c6 7. Ne2 Be6 8. O-O Qc8
9. f4 O-O 10. fxe5 Ng4 11. Nd4 dxe5 12. Nxe6 Qxe6 13. Nc3 Nd7 14. Qe2 Nb6 15.
Ne4 Na4 16. Nc5 Nxc5 17. bxc5 Nf6 18. Qd3 Rfd8 19. Qc3 Nd7 20. a4 Qe7 21. Qc4
Nf8 22. d3 Ne6 23. Ba3 Bh6 24. Rae1 Bf8 25. Rb1 Rab8 26. Bh3 Ng5 27. Bg2 Ne6 28.
c3 Qc7 29. d4 Bg7 30. Rbe1 Qe7 31. Bb4 Qc7 32. Ba3 Qe7 33. Bc1 Rd7 34. Re2 Rf8
35. Bh3 Re8 36. Ref2 Rf8 37. Rxf7 Rxf7 38. Bxe6 Bf6 39. Bxd7 Qxd7 40. Rxf6 1-0

[Event "Reykjavik Open"]
[Site "Reykjavik ISL"]
[Date "2012.03.08"]
[Round "3.66"]
[White "Forsa, Elise"]
[Black "Scholzen, Wolfgang"]
[Result "1-0"]
[WhiteElo "1789"]
[BlackElo "2127"]
[WhiteFideId "1500163"]
[BlackFideId "24637629"]
[EventDate "2012.03.06"]

1. e4 e6 2. d4 d5 3. Nc3 Bb4 4. e5 c5 5. a3 Bxc3+ 6. bxc3 Ne7 7. Nf3 Nbc6 8. Be3
Qc7 9. Qd2 Bd7 10. Bb5 c4 11. a4 Nb8 12. O-O a6 13. Bxd7+ Nxd7 14. Rfb1 h6 15.
Qe2 f6 16. Nh4 O-O-O 17. Nf3 f5 18. Bc1 g5 19. Ba3 Ng6 20. Bd6 Qc6 21. a5 f4 22.
Nd2 Nh4 23. Rb4 Nf5 24. Nxc4 g4 25. Rab1 f3 26. Qd3 fxg2 27. Nb6+ Nxb6 28. Rxb6
Qc4 29. Qxc4+ dxc4 30. Rxb7 Rxd6 31. exd6 Rd8 32. Rb8+ 1-0

[Event "Reykjavik Open"]
[Site "Reykjavik ISL"]
[Date "2012.03.08"]
[Round "3.67"]
[White "Huizer, Mark"]
[Black "Vignisson, Ingvar Egill"]
[Result "1/2-1/2"]
[WhiteTitle "CM"]
[WhiteElo "2122"]
[BlackElo "1558"]
[WhiteFideId "1005839"]
[BlackFideId "2309270"]
[EventDate "2012.03.06"]

1. d4 d5 2. Nf3 Nf6 3. Bf4 c5 4. e3 Nc6 5. c3 Qb6 6. Qc1 Nh5 7. Bg3 cxd4 8. exd4
Nxg3 9. hxg3 Bg4 10. Nbd2 Rc8 11. Bd3 g6 12. O-O Bh6 13. Qb1 O-O 14. Re1 Rfe8
15. Nb3 Qc7 16. Nh2 Bd7 17. Nc5 e5 18. Nxd7 Qxd7 19. dxe5 Nxe5 20. Nf3 Nxf3+ 21.
gxf3 Rxe1+ 22. Qxe1 Re8 23. Qf1 Qe6 24. Rd1 Qf6 25. Kg2 Re5 26. f4 Bxf4 27. gxf4
Qxf4 28. f3 Qh4 29. Qf2 Rg5+ 30. Kf1 Qh3+ 31. Ke1 Rg2 32. Qd4 Qg3+ 33. Kf1 Qxf3+
34. Ke1 Qg3+ 35. Kf1 Qf3+ 36. Ke1 1/2-1/2

[Event "Reykjavik Open"]
[Site "Reykjavik ISL"]
[Date "2012.03.08"]
[Round "3.68"]
[White "Eriksen, Magnus"]
[Black "Mehringer, Joerg"]
[Result "1-0"]
[WhiteElo "2108"]
[BlackElo "1903"]
[WhiteFideId "1509764"]
[BlackFideId "12915351"]
[EventDate "2012.03.06"]

1. d4 Nf6 2. Nf3 g6 3. Nc3 Bg7 4. e4 d6 5. Be3 O-O 6. Qd2 Re8 7. O-O-O c6 8. Bh6
Bh8 9. h4 Bg4 10. h5 Bxh5 11. Be2 b5 12. Ng5 Bxe2 13. Qxe2 Qa5 14. e5 b4 15. e6
Rf8 16. exf7+ Rxf7 17. Qe6 1-0

[Event "Reykjavik Open"]
[Site "Reykjavik ISL"]
[Date "2012.03.08"]
[Round "3.70"]
[White "Ziska, Andrias"]
[Black "Stam, Bart"]
[Result "1-0"]
[WhiteElo "1900"]
[BlackElo "2048"]
[WhiteFideId "7200587"]
[BlackFideId "1006240"]
[EventDate "2012.03.06"]

1. e4 c5 2. Nf3 d6 3. d4 cxd4 4. Nxd4 Nf6 5. Nc3 a6 6. Bg5 e6 7. Qe2 Be7 8.
O-O-O Qc7 9. f4 Nfd7 10. g4 e5 11. Bg2 1-0

[Event "Reykjavik Open"]
[Site "Reykjavik ISL"]
[Date "2012.03.08"]
[Round "3.71"]
[White "Mass, Elvira"]
[Black "Hansen, Erle Andrea Marki"]
[Result "0-1"]
[WhiteElo "2040"]
[BlackElo "1793"]
[WhiteFideId "4695623"]
[BlackFideId "1508229"]
[EventDate "2012.03.06"]

1. e4 c5 2. c3 d5 3. exd5 Qxd5 4. Nf3 Nf6 5. d4 e6 6. Be3 cxd4 7. cxd4 Nc6 8.
Nc3 Qd8 9. Bd3 Bd6 10. O-O O-O 11. a3 a6 12. Qc2 Qc7 13. Rad1 h6 14. Ne5 Ne7 15.
Rfe1 b6 16. Ne4 Nfd5 17. Qe2 f6 18. Nc4 b5 19. Ncd2 f5 20. Nc5 f4 21. Bxf4 Nxf4
22. Qe4 Nxd3 23. Qxd3 Nd5 24. Nde4 0-1

[Event "Reykjavik Open"]
[Site "Reykjavik ISL"]
[Date "2012.03.08"]
[Round "3.72"]
[White "Ghaderi, Arman K"]
[Black "Thorell, Viktor"]
[Result "0-1"]
[WhiteElo "1772"]
[BlackElo "2034"]
[WhiteFideId "1511890"]
[BlackFideId "1715488"]
[EventDate "2012.03.06"]

1. e4 Nf6 2. e5 Nd5 3. d4 d6 4. c4 Nb6 5. Nf3 Nc6 6. b3 Bg4 7. Be2 d5 8. Bb2 e6
9. c5 Nd7 10. O-O g6 11. Nbd2 Bg7 12. h3 h5 13. hxg4 hxg4 14. Ne1 Qh4 15. f4 g3
16. Ndf3 Qh1# 0-1

[Event "Reykjavik Open"]
[Site "Reykjavik ISL"]
[Date "2012.03.08"]
[Round "3.75"]
[White "Heimisson, Hilmir Freyr"]
[Black "Bharat, Vijay"]
[Result "0-1"]
[WhiteElo "1602"]
[BlackElo "1941"]
[WhiteFideId "2309998"]
[BlackFideId "5032784"]
[EventDate "2012.03.06"]

1. e4 c5 2. Nc3 Nc6 3. f4 g6 4. Nf3 Bg7 5. Bb5 Nd4 6. O-O Nxb5 7. Nxb5 Nf6 8. d3
O-O 9. Qe1 b6 10. c4 a6 11. Nc3 d6 12. h3 e6 13. g4 h5 14. g5 Ne8 15. e5 dxe5
16. Qe4 Ra7 17. fxe5 Rd7 18. Rd1 Bb7 19. Qe3 Bxf3 20. Qxf3 Bxe5 21. Ne4 Kg7 22.
Rb1 Nd6 23. Nf6 Bxf6 24. gxf6+ Kh7 25. Qf4 Nf5 26. Qg5 Rxd3 27. Rxd3 Qxd3 28.
Ra1 Qd1+ 29. Kf2 Rd8 30. b3 Rd3 31. Qf4 Qc2+ 32. Bd2 Rxd2+ 33. Ke1 Re2+ 34. Kf1
Qd3 35. Kg1 Qxh3 36. Qg5 Qh2+ 37. Kf1 Qf2# 0-1

[Event "Reykjavik Open"]
[Site "Reykjavik ISL"]
[Date "2012.03.08"]
[Round "3.76"]
[White "Bjorgvinsson, Andri Freyr"]
[Black "Johannsson, Orn Leo"]
[Result "0-1"]
[WhiteElo "1544"]
[BlackElo "1939"]
[WhiteFideId "2306913"]
[BlackFideId "2303051"]
[EventDate "2012.03.06"]

1. c4 e5 2. g3 Nf6 3. Bg2 Nc6 4. Nc3 Be7 5. Nf3 O-O 6. O-O d6 7. d3 h6 8. a3 a5
9. Re1 Be6 10. b3 d5 11. cxd5 Nxd5 12. Qc2 Nxc3 13. Qxc3 Bf6 14. e4 Qd7 15. Be3
Rfd8 16. Red1 Bg4 17. Rd2 Bxf3 18. Bxf3 Be7 19. Bg2 b5 20. Bc5 Bxc5 21. Qxc5 Nd4
22. Rb1 Qd6 23. Qxd6 cxd6 24. Rdb2 Rdc8 25. Bf1 Rc3 26. f4 a4 27. bxa4 Rxa4 28.
Kf2 Raxa3 29. Ke3 Rab3 30. Rxb3 Rxb3 31. Rxb3 Nxb3 32. Be2 Nd4 33. Bd1 Kf8 34.
Kd2 b4 35. h4 Ke7 36. h5 Kd7 37. Kc1 Kc6 38. Kd2 Kb5 39. Kc1 b3 40. Kb2 Kb4 41.
f5 f6 42. g4 Ka4 43. g5 hxg5 44. Bg4 Nc6 45. Bd1 Na5 46. Be2 Nb7 47. Bg4 Nc5 48.
Be2 Kb4 49. Bd1 Na4+ 50. Kb1 Ka3 51. d4 Nc3+ 52. Ka1 b2# 0-1

[Event "Reykjavik Open"]
[Site "Reykjavik ISL"]
[Date "2012.03.08"]
[Round "3.77"]
[White "Stefansson, Vignir Vatnar"]
[Black "Thjomoe, Hans Richard"]
[Result "0-1"]
[WhiteElo "1474"]
[BlackElo "1926"]
[WhiteFideId "2308649"]
[BlackFideId "1506412"]
[EventDate "2012.03.06"]

1. d4 Nf6 2. c4 g6 3. Nc3 Bg7 4. e4 d6 5. f3 O-O 6. Nge2 Nc6 7. Be3 e5 8. d5 Ne7
9. Qd2 Bd7 10. h4 h5 11. O-O-O a6 12. g3 b5 13. c5 b4 14. Nb1 a5 15. c6 Nxc6 16.
dxc6 Be6 17. a3 Ra6 18. Nd4 exd4 19. Bxa6 dxe3 20. Qxe3 Kh7 21. Nd2 Bh6 22. f4
Qe8 23. Bb5 Bd5 24. Kb1 bxa3 25. Qxa3 Nxe4 26. Rh2 Bxc6 27. Bxc6 Nxd2+ 28. Rhxd2
Qxc6 29. Rc2 Qb6 30. Rdc1 c5 31. Qa2 Bg7 32. Re1 Bf6 33. Rf1 Qb5 34. Rff2 Bd4
35. Rf3 Qd7 36. Qa3 Qe6 37. Qd3 Qe1+ 38. Ka2 Qe6+ 39. Ka1 f5 40. Re2 Qf6 41. Qb5
Qd8 42. Qb7+ Bg7 43. Re7 Rg8 44. Rfe3 Kh6 45. Rd7 Qf6 46. Rd3 Rd8 47. Rxd8 Qxd8
48. Qc6 Qb8 49. Rd2 Bd4 50. Qd5 Qb4 51. Re2 a4 52. Qf3 d5 0-1

[Event "Reykjavik Open"]
[Site "Reykjavik ISL"]
[Date "2012.03.08"]
[Round "3.78"]
[White "Knudsen, Jes West"]
[Black "Hardarson, Jon Trausti"]
[Result "0-1"]
[WhiteElo "1913"]
[BlackElo "1688"]
[WhiteFideId "1405985"]
[BlackFideId "2302594"]
[EventDate "2012.03.06"]

1. e4 e5 2. d4 exd4 3. Nf3 Nc6 4. Bc4 Nf6 5. e5 d5 6. Bb5 Ne4 7. Nxd4 Bd7 8.
Bxc6 bxc6 9. O-O Be7 10. f4 O-O 11. f5 Bg5 12. Nc3 Bxc1 13. Qxc1 Qe7 14. Qf4
Rfe8 15. Nxe4 dxe4 16. Qxe4 Qxe5 17. Qxe5 Rxe5 18. f6 Rb8 19. Nb3 Re2 20. Rac1
c5 21. Rf2 Rxf2 22. Kxf2 c4 23. Na5 Rxb2 24. Nxc4 Rxa2 25. fxg7 Kxg7 26. Ke3 a5
27. Kd4 a4 28. Kc3 Bf5 29. Ne3 Be6 30. Kb4 Kf6 31. g4 Ke5 32. h3 Kd4 33. Nd1 c5+
34. Ka5 Bc4 35. g5 Be2 36. Nf2 Ke3 37. Nd3 Kd2 38. Rh1 Bxd3 39. cxd3 Kxd3 40.
Rf1 a3 41. Rxf7 Rg2 42. Rf3+ Kd4 43. Rxa3 c4 44. Rf3 c3 45. Rf8 c2 46. Rd8+ Kc3
47. Rc8+ Kd2 48. Rd8+ Kc1 49. h4 Rd2 50. Rf8 Kd1 51. Rf1+ Ke2 52. Rh1 Rd1 53.
Rh2+ Kd3 0-1

[Event "Reykjavik Open"]
[Site "Reykjavik ISL"]
[Date "2012.03.08"]
[Round "3.79"]
[White "Doell, Detlef"]
[Black "Davidsdottir, Nansy"]
[Result "1-0"]
[WhiteElo "2067"]
[BlackElo "1379"]
[WhiteFideId "4659449"]
[BlackFideId "2309491"]
[EventDate "2012.03.06"]

1. e4 c5 2. b3 e6 3. Bb2 Nc6 4. Nf3 Qc7 5. g3 Nge7 6. Bg2 Ng6 7. O-O d6 8. d4
cxd4 9. Nxd4 Bd7 10. Nb5 Qb8 11. Ba3 Nb4 12. Nd4 Nc6 13. c4 a6 14. Bb2 Nxd4 15.
Qxd4 e5 16. Qd3 Be7 17. Nc3 Be6 18. h4 O-O 19. Kh2 f5 20. exf5 Bxf5 21. Bd5+ Kh8
22. h5 Nh4 23. gxh4 Bxh4 24. Ne4 Bxe4 25. Qxe4 Bg5 26. Qg4 Bh6 27. Bc1 Bxc1 28.
Raxc1 Qa7 29. f3 Rae8 30. Rg1 g5 31. Rc2 Rf4 32. Qxg5 1-0

[Event "Reykjavik Open"]
[Site "Reykjavik ISL"]
[Date "2012.03.08"]
[Round "3.80"]
[White "Haga, Halvor"]
[Black "Hauksdottir, Hrund"]
[Result "1-0"]
[WhiteElo "2032"]
[BlackElo "1627"]
[WhiteFideId "1507532"]
[BlackFideId "2302608"]
[EventDate "2012.03.06"]

1. e4 e5 2. Nf3 Nc6 3. Bb5 a6 4. Ba4 b5 5. Bb3 Bc5 6. O-O d6 7. c3 Nf6 8. d3 O-O
9. Bg5 h6 10. Bh4 Be6 11. Bc2 Bg4 12. h3 Bh5 13. Nbd2 Qe7 14. Re1 Rfe8 15. b4
Bb6 16. a4 Rad8 17. Bb3 Nb8 18. Nf1 Nbd7 19. Ne3 Bxe3 20. Rxe3 Nf8 21. axb5 axb5
22. Ra7 Ra8 23. Bxf6 gxf6 24. Qa1 Qd8 25. Bd5 Rxa7 26. Qxa7 Qb8 27. Qa6 Ne6 28.
Bc6 Rd8 29. Nh4 Bg6 30. Bxb5 Qa8 31. Re2 Qxa6 32. Bxa6 Ra8 33. Ra2 Kg7 34. Ra5
Nf4 35. Bc4 Rb8 36. Kh2 Rb6 37. Ra2 c6 38. g3 Ne6 39. Bxe6 fxe6 40. Ra7+ Bf7 41.
Kg2 Kf8 42. Ra8+ Ke7 43. Kf1 Bh5 44. Rh8 d5 45. Rxh6 Be8 46. Rh7+ Kd6 47. Ra7 c5
48. bxc5+ Kxc5 49. exd5 exd5 50. Ra5+ Kc6 51. Nf5 Bd7 52. Ne7+ Kb7 53. Nxd5
Bxh3+ 54. Ke2 Rd6 55. Ke3 Bd7 56. f4 Bc6 57. Ke4 exf4 58. gxf4 Kc8 59. c4 Kd7
60. Kf5 1-0

[Event "Reykjavik Open"]
[Site "Reykjavik ISL"]
[Date "2012.03.08"]
[Round "3.82"]
[White "Calder, Dennis"]
[Black "Wasenius, Thomas"]
[Result "1-0"]
[WhiteElo "1948"]
[BlackElo "1612"]
[WhiteFideId "4697359"]
[BlackFideId "1509551"]
[EventDate "2012.03.06"]

1. d4 Nf6 2. g3 e6 3. Bg2 d5 4. Nf3 Be7 5. O-O O-O 6. c4 c5 7. cxd5 exd5 8. Nc3
Be6 9. h3 Nc6 10. Kh2 h6 11. Be3 Ne4 12. Rc1 f5 13. dxc5 g5 14. Nd4 Nxd4 15.
Bxd4 g4 16. hxg4 Bg5 17. f4 Bh4 18. Nxe4 fxe4 19. gxh4 Qxh4+ 20. Bh3 Bxg4 21.
Rc3 h5 22. Rg3 Kh7 23. Qb3 Rf7 24. Qxd5 Raf8 25. Be5 Bxe2 26. Qxe4+ 1-0

[Event "Reykjavik Open"]
[Site "Reykjavik ISL"]
[Date "2012.03.08"]
[Round "3.83"]
[White "Gunnlaugsson, Gisli"]
[Black "Magnusdottir, Veronika Steinunn"]
[Result "1-0"]
[WhiteElo "1875"]
[BlackElo "1580"]
[WhiteFideId "2301776"]
[BlackFideId "2309114"]
[EventDate "2012.03.06"]

1. e4 c5 2. Nf3 d6 3. Nc3 Nf6 4. g3 g6 5. Bg2 Bg7 6. O-O O-O 7. d3 Nc6 8. h3 a6
9. a4 Rb8 10. Be3 b5 11. axb5 axb5 12. e5 Nd7 13. exd6 exd6 14. d4 c4 15. Bf4 b4
16. Ne4 d5 17. Nd6 Rb6 18. Nxc8 Qxc8 19. c3 Nf6 20. Nd2 Re8 21. Re1 Rxe1+ 22.
Qxe1 Nd8 23. Qe7 bxc3 24. bxc3 Ne6 25. Be5 Rb7 26. Qd6 Rd7 27. Qa6 Qxa6 28. Rxa6
Nh5 29. Rd6 Rxd6 30. Bxd6 Bh6 31. Nb1 Ng5 32. Bxd5 Nxh3+ 33. Kg2 Ng5 34. Bxc4
Ne4 35. Bb4 Nhf6 36. Bd3 Bc1 37. c4 Bb2 38. f3 Ng5 39. d5 Nd7 40. c5 Bd4 41. c6
Nb6 42. c7 Be5 43. d6 Ne6 44. Ba6 Nxc7 45. dxc7 Bxc7 46. Ba5 Nd5 47. Bxc7 Nxc7
48. Bc4 Kg7 49. Nc3 f5 50. Kf2 Ne8 51. Ke3 Nd6 52. Kd4 Nxc4 53. Kxc4 Kf6 54. Kd4
g5 55. Nd5+ Ke6 56. f4 gxf4 57. gxf4 h5 58. Ne3 h4 59. Nf1 Kf6 60. Kd5 h3 61.
Kd6 Kf7 62. Ke5 Kg6 63. Ke6 Kh6 64. Kxf5 Kh5 65. Ke4 Kg6 66. f5+ Kf6 67. Kf4 Kf7
68. Ke5 Ke7 69. f6+ Kf7 70. Kf5 Kf8 71. Kg6 Kg8 72. f7+ Kf8 1-0

[Event "Reykjavik Open"]
[Site "Reykjavik ISL"]
[Date "2012.03.08"]
[Round "3.84"]
[White "Brynjarsson, Eirikur Orn"]
[Black "Johannsdottir, Johanna Bjorg"]
[Result "0-1"]
[WhiteElo "1638"]
[BlackElo "1864"]
[WhiteFideId "2301580"]
[BlackFideId "2303108"]
[EventDate "2012.03.06"]

1. e4 c5 2. Nf3 g6 3. d4 cxd4 4. Nxd4 Nc6 5. Nc3 Bg7 6. Nb3 Nf6 7. Bd3 O-O 8.
O-O d5 9. exd5 Nxd5 10. Nxd5 Qxd5 11. Qe2 Be6 12. a3 Rad8 13. Rb1 Qd6 14. Nd2
Nd4 15. Qe3 0-1

[Event "Reykjavik Open"]
[Site "Reykjavik ISL"]
[Date "2012.03.08"]
[Round "3.87"]
[White "Einarsson, Oskar Long"]
[Black "Antonsson, Atli"]
[Result "0-1"]
[WhiteElo "1618"]
[BlackElo "1849"]
[WhiteFideId "2309220"]
[BlackFideId "2307987"]
[EventDate "2012.03.06"]

1. e4 d6 2. d4 Nf6 3. Nc3 g6 4. Be2 Bg7 5. Nf3 O-O 6. O-O c6 7. Bg5 h6 8. Be3
Ng4 9. Bf4 Qa5 10. h3 Nf6 11. e5 Ne8 12. Re1 g5 13. Be3 g4 14. hxg4 Bxg4 15. Nh4
Bxe2 16. Qxe2 dxe5 17. Nf5 exd4 18. Nxg7 Nxg7 19. Bxd4 e6 20. Rad1 Qh5 21. Qe3
c5 22. Bxc5 Nf5 23. Qe5 Nc6 0-1

[Event "Reykjavik Open"]
[Site "Reykjavik ISL"]
[Date "2012.03.08"]
[Round "3.90"]
[White "Johannesson, Kristofer Joel"]
[Black "Sigurdarson, Emil"]
[Result "1/2-1/2"]
[WhiteElo "1449"]
[BlackElo "1769"]
[WhiteFideId "2306760"]
[BlackFideId "2304163"]
[EventDate "2012.03.06"]

1. d4 d5 2. Nf3 Nf6 3. g3 e6 4. Bg2 b6 5. O-O Bb7 6. b3 c5 7. Bb2 Nc6 8. e3 Be7
9. Nbd2 O-O 10. Ne5 Nxe5 11. dxe5 Nd7 12. c4 Qc7 13. f4 Nb8 14. Qg4 Qd7 15. cxd5
Bxd5 16. Bxd5 Qxd5 17. Rad1 b5 18. e4 Qd3 19. f5 exf5 20. exf5 Qe3+ 21. Kg2 Qg5
22. Qxg5 Bxg5 23. Ne4 Be3 24. Rf3 Bd4 25. Bxd4 cxd4 26. Rxd4 Nc6 27. Rd5 Rfe8
28. Rc3 Nxe5 29. Rxb5 Rad8 30. Ra5 Ng4 31. Ng5 h6 32. Nf3 Re2+ 33. Kh3 Nf2+ 34.
Kh4 Re4+ 35. Kh5 Ng4 36. Kh4 Nf2+ 37. Kh5 Kh7 38. Rxa7 Rd5 39. Ng5+ hxg5 40.
Rxf7 Rxf5 41. Rxf5 g6+ 42. Kxg5 Rg4+ 43. Kf6 Ne4+ 44. Ke6 Nxc3 45. Rf4 Rg5 46.
Kf7 Rh5 47. Rf2 Ne4 48. Re2 Re5 49. Rc2 Kh6 50. a4 Kg5 51. h4+ Kf5 52. g4+ Kxg4
53. Kxg6 Kxh4 54. Rc4 Kg4 55. b4 Re6+ 56. Kf7 Kf5 57. Rc1 Ng5+ 58. Kg7 Re7+ 59.
Kf8 Rb7 60. b5 Kf6 61. Ke8 Ne4 62. Rc6+ Ke5 63. Kd8 Nd6 64. Rc1 Ke6 65. Re1+ Kd5
66. Rc1 Ke6 67. Re1+ Kd5 68. Rc1 Ke6 1/2-1/2

[Event "Reykjavik Open"]
[Site "Reykjavik ISL"]
[Date "2012.03.09"]
[Round "4.3"]
[White "Ipatov, Alexander"]
[Black "Cheparinov, Ivan"]
[Result "0-1"]
[WhiteTitle "GM"]
[BlackTitle "GM"]
[WhiteElo "2561"]
[BlackElo "2664"]
[WhiteFideId "14116731"]
[BlackFideId "2905540"]
[EventDate "2012.03.06"]

1. d4 Nf6 2. c4 g6 3. Nc3 d5 4. Nf3 Bg7 5. Bg5 Ne4 6. Bh4 Nxc3 7. bxc3 dxc4 8.
Qa4+ c6 9. Qxc4 Qa5 10. e3 Be6 11. Qd3 Nd7 12. Nd2 Nc5 13. Qc2 Bf5 14. Qb2 Nd3+
15. Bxd3 Bxd3 16. Nb3 Qd5 17. Nc5 Bc4 18. f3 b6 19. Ne4 O-O 20. Kf2 e5 21. Bf6
Bd3 22. c4 Qe6 23. d5 cxd5 24. cxd5 Qxd5 25. Rhd1 Qb5 26. Qxb5 Bxb5 27. Rd5 Bc4
28. Rxe5 Rfd8 29. a4 Bxf6 30. Nxf6+ Kg7 31. Ne4 Rd7 32. Rc1 f6 33. Rxc4 fxe5 34.
Rc6 Rf8 35. g4 h6 36. Kg3 Rdf7 37. Nd2 Rd7 38. Ne4 Rd3 39. Kf2 Ra3 40. Rc4 Ra2+
41. Kg3 Ra3 42. Kf2 Rb3 43. g5 Rf7 44. Nd6 Re7 45. h4 hxg5 46. hxg5 a5 47. Rc6
Rb4 48. Nc8 Rb7 49. Nd6 Re7 50. Nc8 Rd7 51. Kg3 b5 52. axb5 Rxb5 53. Nd6 Rb3 54.
Nc4 Re7 55. e4 a4 56. Ra6 a3 57. Rxa3 Rxa3 58. Nxa3 Rc7 59. Nb5 Rc5 60. Nd6 Kf8
61. f4 exf4+ 62. Kg4 Ke7 63. e5 Rxe5 64. Nc4 f3 0-1

[Event "Reykjavik Open"]
[Site "Reykjavik ISL"]
[Date "2012.03.09"]
[Round "4.4"]
[White "Sokolov, Ivan"]
[Black "Williams, Simon K"]
[Result "1-0"]
[WhiteTitle "GM"]
[BlackTitle "GM"]
[WhiteElo "2653"]
[BlackElo "2506"]
[WhiteFideId "14400030"]
[BlackFideId "404454"]
[EventDate "2012.03.06"]

1. d4 e6 2. c4 f5 3. Nc3 Nf6 4. e3 b6 5. Bd3 Bb7 6. f3 g6 7. Nge2 Bg7 8. e4 fxe4
9. fxe4 e5 10. d5 Qe7 11. h3 O-O 12. Bg5 h6 13. Bh4 g5 14. Bf2 Nh5 15. O-O a5
16. c5 Rxf2 17. Rxf2 Qxc5 18. d6 Nc6 19. Na4 Qe3 20. Qb3+ Kh8 21. Bc2 Qxb3 22.
Bxb3 cxd6 23. Nxb6 Rd8 24. Nc4 Bf8 25. Rd1 Ba6 26. Nxd6 Bxe2 27. Rxe2 Nf4 28.
Rc2 Bxd6 29. Rxd6 Nd4 30. Rc7 Nd3 31. Rcxd7 Rxd7 32. Rxd7 Nxb2 33. Ra7 Nd3 34.
Rxa5 Ne2+ 35. Kh2 g4 36. hxg4 Nf2 37. Be6 1-0